00533nmm a2200169Ia 4500008004100000020001800041041000800059100003700067245007200104264005100176300001800227490002100245650002200266856005100288942000700339999001700346251105s9999||||xx |||||||||||||||||und|| a9788416523160 aspa aGarcía de Cortázar, Fernando 0aAlguien heló tus labios :b La novela del sentimiento de España a[Madrid, España] :bKailas Editorial, c2016 a568 páginas aKailas Ficción aSpanish narrative uhttps://public.digitaliapublishing.com/a/87247 cCF c77855d77855